| 000 | 00655nam a22002057a 4500 | ||
|---|---|---|---|
| 005 | 20260325154852.0 | ||
| 008 | 260325b xxu||||| |||| 00| 0 eng d | ||
| 020 |
_a978 1 041 11577 9 _cRs.1295.00 |
||
| 040 | _aRBU-Library | ||
| 041 | _aEnglish | ||
| 082 |
_a929.2 _bT128(C) T.L. |
||
| 100 |
_aChakrabarty, Bidyut _91470 |
||
| 245 |
_aThe Three Tagores-Dwarkanath, Debendranath and Rabindranath: _bIndia in transition |
||
| 260 |
_aLondon: _bRoutledge, _c2025 |
||
| 300 | _a210p. | ||
| 650 |
_aTagore, Dwarkanath,1794-1846 _91521 |
||
| 650 |
_aTagore, Debendranath, 1817-1905 _91522 |
||
| 650 |
_aTagore, Rabindranath, 1861-1941 _91472 |
||
| 942 | _cBK | ||
| 999 |
_c123462 _d123462 |
||